Normal view
MARC view
- Graziani, Mauro
Entry Personal Name
001 - CONTROL NUMBER
- control field: 6064
003 - CONTROL NUMBER IDENTIFIER
- control field: OSt
005 - DATE AND TIME OF LATEST TRANSACTION
- control field: 20240216150951.0
008 - FIXED-LENGTH DATA ELEMENTS
- fixed length control field: 240216|| aca||aabn | a|a d
040 ## - CATALOGING SOURCE
- Original cataloging agency: OSt
- Transcribing agency: OSt
100 ## - HEADING--PERSONAL NAME
- Personal name: Graziani, Mauro
670 ## - SOURCE DATA FOUND
- Source citation: Work cat.: (OSt)13982: Renewable resources and renewable energy : a global challenge /, c2012.
